[Event "Oebro CXU International 2024"]
[Site "Copenhagen"]
[Date "2024.07.23"]
[Round "3.1"]
[White "Haubro, Martin"]
[Black "Sengupta, Deep"]
[Result "1-0"]
[WhiteElo "2400"]
[BlackElo "2491"]
[WhiteFideId "1414291"]
[BlackFideId "5008352"]
[EventDate "2024.07.22"]
[EventType "swiss"]
[EventRounds "9"]
[EventCountry "DEN"]
[SourceTitle "Live v. Obro Skakforening"]

1. e4   e6  2. d4   d5  3. Nc3   Nf6  4. e5   Nfd7  5. f4   c5  6. Nf3   Nc6  7. Be3   Be7  8. Qd2   O-O  9. dxc5   Nxc5  10. O-O-O  10... b6  11. Kb1   Bb7  12. h4   Rc8  13. Qe1   a6  14. f5   Qc7  15. Qg3   Kh8  16. Bf4   Ne4  17. Nxe4   dxe4  18. f6   Rg8  19. Ng5   Bf8  20. Bc4  20... Nb4  21. c3   gxf6  22. exf6   Rxg5  23. Bxc7   Rxg3  24. Bxg3   Nd5  25. Bxd5   Bxd5  26. Be5   h5  27. Rhg1   Bh6  28. Bd4   b5  29. g4   hxg4  30. Rxg4  30... b4  31. Kc2   e3  32. Re1   Bf3  33. Rg3   Be4+  34. Kc1   bxc3  35. Bxe3   Bf8  36. Bf4   cxb2+  37. Kxb2   Bf5  38. Rc3   Rd8  39. Rec1   e5  40. Bxe5  40... Bh6  41. Rf1   Rd2+  42. Ka1   Be6  43. a3   Rd5  44. Bf4   Rf5  45. Rcf3   Bf8  46. Bc1   Rd5  47. Rg3   Bd6  48. Rg5   Rxg5  49. hxg5   Kh7  50. Kb2  50... Be5+  51. Kc2   Kg6  52. Kd3   Bd5  53. Re1   Kf5  54. Rf1+   Kg6  55. Rf2   a5  56. Rc2   Bd6  57. Kd4   Bf3  58. Rc3   Bg2  59. Rb3   Bc7  60. Rb5  60... Bc6  61. Rb3   a4  62. Rh3   Bd7  63. Rh6+   Kf5  64. Kc5   Be6  65. Kc6   Bg3  66. Rh8   Bf2  67. Ra8   Bb3  68. Kd7   Bd4  69. Ke8   Kg6  70. Kf8  70... Kh7  71. Rc8   Be6  72. Rc6   Bd5  73. Rc7   Kg6  74. Rd7   Bc5+  75. Kg8   Bb3  76. Rd3   Be6  77. Rd1   Bb3  78. Rh1   Bd4  79. Rh6+   Kf5  80. Kg7  80... Ke6  81. Rh8   Bc5  82. Bb2   Kf5  83. Rc8   Bd6  84. g6   fxg6  85. f7   g5  86. f8=Q+   Bxf8+  87. Rxf8+   Ke4  88. Bc1   Kd5 1-0

[Event "Oebro CXU International 2024"]
[Site "Copenhagen"]
[Date "2024.07.23"]
[Round "3.2"]
[White "Solodovnichenko, Yuri"]
[Black "Heimisson, Hilmir Freyr"]
[Result "1/2-1/2"]
[WhiteElo "2481"]
[BlackElo "2392"]
[WhiteFideId "14104369"]
[BlackFideId "2309998"]
[EventDate "2024.07.22"]
[EventType "swiss"]
[EventRounds "9"]
[EventCountry "DEN"]
[SourceTitle "Live v. Obro Skakforening"]

1. e4   c5  2. Nf3   d6  3. d4   cxd4  4. Nxd4   Nf6  5. Nc3   Nc6  6. Bg5   e6  7. Qd2   a6  8. O-O-O   Be7  9. f4   Bd7  10. Nf3  10... b5  11. Bxf6   gxf6  12. Kb1   Qb6  13. f5   O-O-O  14. g3   Kb8  15. a3   Rc8  16. fxe6   fxe6  17. Bh3   Rc7  18. Ne2   Ne5  19. Nfd4   Nc4  20. Qd3  20... Rhc8  21. Bxe6   b4  22. Qb3   Nxb2  23. Bxd7   Nxd1  24. Bxc8   Nf2  25. Re1   Rxc8  26. Nf5   Nxe4  27. Qxb4   Bd8  28. Nf4   Rc4  29. Qxb6+   Bxb6  30. Kb2  30... Ba5  31. Re2   Ka7  32. Kb3   Nd2+  33. Rxd2   Rxf4  34. Rd5   Rf3+  35. Ka4   Bc7  36. Nd4   Re3  37. Rh5   Bb6  38. Rxh7+   Ka8  39. Rh4   Bc5  40. Nb3  40... Bb6  41. Kb4   Re2  42. c4   Rb2  43. Kc3   Ra2  44. Rf4   Rxh2  45. Rxf6   Rg2  46. Rxd6   Rxg3+  47. Kb4   Kb7  48. a4   Rg2  49. a5   Bf2  50. Re6  50... Rg4  51. Nc1   Rg3  52. Nb3   Rg4  53. Re2   Rf4  54. Nd2   Bh4  55. Re6   Rf5  56. Re4   Bd8  57. Nb3   Ka7  58. Re6   Rh5  59. Re8   Bc7  60. Re7  60... Kb8  61. Re6   Ka7  62. Rg6   Bd8  63. Rg7+   Kb8  64. Rd7   Bc7  65. Rd4   Bg3  66. Re4   Bc7  67. Re6   Ka7  68. Rg6   Bd8  69. Rg7+   Kb8  70. Rg8  70... Kc7  71. Re8   Kd7  72. Re4   Be7+  73. c5   Rh4  74. Rd4+   Kc7  75. Kc4   Bf6  76. Rxh4   Bxh4  77. Kd5   Be1  78. c6   Bc3  79. Kc5   Be1  80. Kd5  80... Bc3  81. Nc5   Bxa5  82. Nxa6+   Kc8  83. c7   Bxc7  84. Nxc7  1/2-1/2

[Event "Oebro CXU International 2024"]
[Site "Copenhagen"]
[Date "2024.07.23"]
[Round "3.3"]
[White "Liu, Casper Yukun"]
[Black "Rozentalis, Eduardas"]
[Result "1/2-1/2"]
[WhiteElo "2316"]
[BlackElo "2480"]
[BlackFideId "12800023"]
[EventDate "2024.07.22"]
[EventType "swiss"]
[EventRounds "9"]
[EventCountry "DEN"]
[SourceTitle "Live v. Obro Skakforening"]

1. d4   Nf6  2. c4   e6  3. g3   Bb4+  4. Bd2   a5  5. Bg2   c5  6. Bxb4 axb4  7. Nf3   d6  8. O-O   Qe7  9. dxc5   dxc5  10. Ne5  10... Qc7  11. Nd3   O-O  12. Nd2   e5  13. a3   bxa3  14. Qb3   Nc6  15. Bxc6   Qxc6  16. Nxe5   Qc7  17. Nd3   Bh3  18. Rfb1   Rfe8  19. Rxa3   Rad8  20. Re1  20... Qc6  21. f3   Re3  22. Qb5   Qc8  23. Nf1   Bxf1  24. Kxf1   Qh3+  25. Kg1   Qe6  26. Nxc5   Qe7  27. Ne4   Rxa3  28. Nxf6+   gxf6  29. bxa3   Qxa3  30. Qxb7  30... Qc5+  31. Kf1   Qxc4  32. Qe7   Qd4  33. Rb1   Qd6  34. Qe3   Qd4  35. Qe7   Qd6  36. Qe4   Qd4  37. Qf5   Re8  38. Rc1   Kg7  39. Qc2   Qd7  40. Rd1  40... Qh3+  41. Kg1   Qe6  42. Kf1   Qh3+  43. Kg1   Qe6  44. Rd2   Qe3+  45. Kf1   Rc8  46. Qxc8   Qxd2  47. Qg4+   Kf8  48. Qc8+   Kg7  49. Qg4+   Kf8  50. Qf4  50... Qd1+  51. Kf2   Kg7  52. Qg4+   Kf8  53. h4   h6  54. Qc8+   Kg7  55. Qg4+   Kf8  56. Qe4   Kg7  57. Kg2   Qe1  58. Kh3   h5  59. Kg2   Kh6  60. Qc4  60... Kg7  61. Qd3   Kh6  62. Qb5   Kg7  63. e4   Kh6  64. Qb2   Kg6  65. Qf2   Qd1  66. Qc5   Qe2+  67. Qf2   Qd1  68. Kh2   Kg7  69. Qg2   Qc1  70. Qa2  70... Qf1  71. Qg2   Qc1  72. Kh3   Kh6  73. g4   hxg4+  74. Qxg4   Qh1+  75. Kg3   Qg1+  76. Kf4   Qc5  77. Qg8   Qe5+  78. Kg4   Qe6+  79. Kg3   Qd6+  80. Kh3  80... Qd7+  81. Qg4   Qd1  82. Qf4+   Kg7  83. Qf5   Qe1  84. Kg4   Qe3  85. Qf4   Qg1+  86. Qg3   Qc5  87. f4   Kh6  88. f5   Qc2  89. Qf4+   Kh7  90. Qf3  1/2-1/2

[Event "Oebro CXU International 2024"]
[Site "Copenhagen"]
[Date "2024.07.23"]
[Round "3.4"]
[White "Colbow, Collin"]
[Black "Ravi, Rakshitta"]
[Result "1/2-1/2"]
[WhiteElo "2413"]
[BlackElo "2308"]
[WhiteFideId "16201132"]
[BlackFideId "25073230"]
[EventDate "2024.07.22"]
[EventType "swiss"]
[EventRounds "9"]
[EventCountry "DEN"]
[SourceTitle "Live v. Obro Skakforening"]

1. e4   e5  2. Nf3   Nc6  3. d4   exd4  4. Nxd4   Qf6  5. Nf3   Bb4+  6. Nbd2   Nge7  7. Bd3   Ng6  8. O-O   h6  9. Nc4   d6  10. Ne3  10... Nce7  11. Bb5+   c6  12. Bc4   O-O  13. Qd4   Qxd4  14. Nxd4   b5  15. Be2   Nf4  16. Bf3   Ne6  17. Ndf5   Re8  18. c3   Bc5  19. b4   Bxe3  20. Bxe3  20... Nxf5  21. exf5   Nd8  22. f6   a5  23. a4   axb4  24. axb5   Rxa1  25. Rxa1   bxc3  26. bxc6   Ne6  27. h4   Nc5  28. Rc1   Ne4  29. fxg7   Kxg7  30. Bd4+  30... Kg6  31. Bxc3   Nxc3  32. Rxc3   Kf6  33. Kh2   Re5  34. Ra3   Rc5  35. Ra7   Be6  36. Kg3   d5  37. c7   Ke5  38. Bg4   Rc3+  39. f3   f5  40. Bh5  40... f4+  41. Kh2   d4  42. Ra5+   Kd6  43. Ra6+   Rc6  44. Rxc6+   Kxc6  45. Bg4   Bxg4  46. fxg4   Kxc7  47. Kg1   Kd6  48. Kf2   Ke5  49. Kf3   d3  50. Kf2  50... Kd4  51. Ke1   Ke5  52. Kd2   Ke4  53. Kd1   Kd4  54. Kd2   Ke4  55. h5   Ke5  56. Kxd3   Kf6  57. Ke4   Kg5  58. Kf3   Kh4  59. Kxf4 1/2-1/2

[Event "Oebro CXU International 2024"]
[Site "Copenhagen"]
[Date "2024.07.23"]
[Round "3.5"]
[White "Jaksland, Tim"]
[Black "Hector, Jonny"]
[Result "0-1"]
[WhiteElo "2074"]
[BlackElo "2410"]
[WhiteFideId "1401084"]
[BlackFideId "1700090"]
[EventDate "2024.07.22"]
[EventType "swiss"]
[EventRounds "9"]
[EventCountry "DEN"]
[SourceTitle "Live v. Obro Skakforening"]

1. e4   e5  2. Nf3   Nc6  3. d4   exd4  4. Nxd4   Nf6  5. Nxc6   bxc6  6. Nd2   d5  7. exd5   cxd5  8. Bb5+   Bd7  9. Bxd7+   Qxd7  10. O-O  10... Bd6  11. b3   O-O-O  12. Bb2   Ng4  13. Nf3   f6  14. Qd3   c5  15. Rad1   h5  16. Rfe1   Kb8  17. Bc3   Qc7  18. h3   Nh6  19. Qb5+   Qb6  20. Qa4  20... Qb7  21. Ba5   Rc8  22. Re6   Nf7  23. Rde1   Qc6  24. Qxc6   Rxc6  25. Bd2   Rhc8  26. Re8   Ne5  27. Nxe5   fxe5  28. Re6   Kb7  29. Rg6   Rg8  30. Rg5  30... g6  31. f4   c4  32. bxc4   Rxc4  33. fxe5   Be7  34. Rg3   Rxc2  35. Rb3+   Kc6  36. Be3   g5  37. Rc1   Rxc1+  38. Bxc1   Bc5+  39. Kf1   Re8  40. Bxg5  40... Rxe5  41. Bd2   Re4  42. Rf3   Ra4  43. Rf6+   Kb5  44. Rf5   Kc4  45. g4   Rxa2  46. Be1   hxg4  47. hxg4   Ra1  48. Ke2   d4  49. Bd2   a5  50. g5  50... d3+  51. Kf3   Rf1+  52. Ke4   Rxf5  53. Kxf5   a4  54. g6   Bd4  55. Bc1   a3  56. Bxa3   d2  0-1

[Event "Oebro CXU International 2024"]
[Site "Copenhagen"]
[Date "2024.07.23"]
[Round "3.6"]
[White "Jacobsen, Mikkel Manosri"]
[Black "Ramsdal, Jens Albert"]
[Result "1/2-1/2"]
[WhiteElo "2242"]
[BlackElo "2351"]
[WhiteFideId "1444514"]
[BlackFideId "1429221"]
[EventDate "2024.07.22"]
[EventType "swiss"]
[EventRounds "9"]
[EventCountry "DEN"]
[SourceTitle "Live v. Obro Skakforening"]

1. c4   c6  2. g3   d5  3. Nf3   Nf6  4. Bg2   dxc4  5. O-O   Nbd7  6. Qc2   Nb6  7. Na3   Be6  8. Ne5   h5  9. Naxc4   Nxc4  10. Nxc4  10... h4  11. Ne5   hxg3  12. hxg3   Qd4  13. Qc3   Qd6  14. d4   Rd8  15. Qc2   Qxd4  16. Bf4   Qb6  17. Rfd1   Nd5  18. Bd2   Rh5  19. Nd3   Bg4  20. Qa4  20... Nf6  21. Be3   Qa5  22. Qb3   Rd7  23. Qc2   Bf5  24. b4   Qa6  25. a4   Bxd3  26. exd3   Nd5  27. b5   Nxe3  28. fxe3   cxb5  29. Qc8+   Rd8  30. Qxb7  30... Qxb7  31. Bxb7   Kd7  32. axb5   Rxb5  33. Rxa7   Kd6  34. Ra6+   Kc7  35. Be4   Rdb8  36. d4   R5b6  37. Ra7+   Kd6  38. Rf1   f6  39. Rc1   g6  40. Bxg6  40... Bh6  41. Kf2   Rb2+  42. Kf3   R8b7  43. Ra6+   R7b6  44. Rxb6+   Rxb6  45. Rc3   e5  46. Ke4   exd4  47. exd4   Rb1  48. Bf7   Re1+  49. Kf3   Re7  50. Bg8  50... Re8  51. Bb3   Re1  52. Ba2   Rf1+  53. Kg4   f5+  54. Kh5   Bg7  55. Rc5   f4  56. gxf4   Rxf4  57. Kg5   Rxd4  1/2-1/2

[Event "Oebro CXU International 2024"]
[Site "Copenhagen"]
[Date "2024.07.23"]
[Round "3.7"]
[White "Shivakumar, Shawnak"]
[Black "Johansson, Thomas"]
[Result "1-0"]
[WhiteElo "2323"]
[BlackElo "2172"]
[WhiteFideId "30940192"]
[EventDate "2024.07.22"]
[EventType "swiss"]
[EventRounds "9"]
[EventCountry "DEN"]
[SourceTitle "Live v. Obro Skakforening"]

1. c4   e6  2. Nc3   Nf6  3. e4   e5  4. f4   d6  5. Nf3   Nc6  6. d4   exd4  7. Nxd4   Be7  8. Be2   O-O  9. Be3   Re8  10. O-O  10... Bf8  11. Bf3   Bd7  12. g4   Nxd4  13. Bxd4   Bc6  14. Qc2   a6  15. a4   a5  16. Rad1   Nd7  17. g5   b6  18. h4   Qb8  19. h5   Qb7  20. Nd5  20... Nc5  21. b3   Bxd5  22. exd5   Re7  23. f5   Rae8  24. f6   Re5  25. Bxe5   Rxe5  26. Qg2   Qc8  27. Rde1   Nd3  28. Rxe5   dxe5  29. Bg4   Bc5+  30. Kh2  30... Qe8  31. g6   hxg6  32. hxg6   Qd8  33. gxf7+   Kf8  34. fxg7+   Kxg7  35. Bf5+  1-0

[Event "Oebro CXU International 2024"]
[Site "Copenhagen"]
[Date "2024.07.23"]
[Round "3.8"]
[White "Ganta, Joel Paul"]
[Black "Gomez Aguirre, Juan Alberto"]
[Result "0-1"]
[WhiteElo "2056"]
[BlackElo "2322"]
[WhiteFideId "35066145"]
[BlackFideId "54587867"]
[EventDate "2024.07.22"]
[EventType "swiss"]
[EventRounds "9"]
[EventCountry "DEN"]
[SourceTitle "Live v. Obro Skakforening"]

1. d4   Nf6  2. c4   e6  3. Nc3   Bb4  4. e3   O-O  5. a3   Bxc3+  6. bxc3   d6  7. Bd3   e5  8. Ne2   c5  9. O-O   Nc6  10. Ng3  10... cxd4  11. cxd4   exd4  12. exd4   d5  13. c5   Nxd4  14. Bb2   Nc6  15. Re1   d4  16. Bc1   Qd5  17. Bf4   Qxc5  18. Rc1   Qa5  19. Bd6   Re8  20. Rxe8+  20... Nxe8  21. Bf4   Nf6  22. h4   Bg4  23. Qb3   Qb6  24. Qc2   Rc8  25. Rb1   Qa5  26. Nf5   Bxf5  27. Bxf5   Re8  28. Rxb7   Nd8  29. Rb8   Ne6  30. Rxe8+  30... Nxe8  31. Bd2   Qxa3  32. Bxh7+ Kh8 33. Bf5   Qc5  34. Qb1   Qb6  35. Qd1   Kg8  36. h5   Qd8  37. Bd3   Qf6  38. Qa4   Qe7  39. Bb4   Qd8  40. Bd2  40... Nc5  41. Qc2   Nxd3  42. Qxd3   Qd6  43. g3   Qe5  44. h6   gxh6  45. Bxh6   Qf6  46. Bf4   Ng7  47. Qe4   Qd8  48. Qd3   Ne6  49. Be5   Qd5  50. f4  50... Kf8  51. Qa3+   Ke8  52. Qxa7   d3  53. Bf6   Qc5+  54. Qxc5   Nxc5  55. Kf1   Ne4  56. Bh4   f5  57. Ke1   Kf7  58. Bd8   Kg6  59. Ba5   Kh5  60. Kd1  60... Kg4  61. Be1   Kf3  62. Ba5   Kxg3  63. Bc7   Kf3  64. Bb8   Ke3  65. Bc7   Nf2+  0-1

[Event "Oebro CXU International 2024"]
[Site "Copenhagen"]
[Date "2024.07.23"]
[Round "3.9"]
[White "Falkesgaard, Jeppe Hald"]
[Black "Jarlskov, Daniel Tuk Hartso"]
[Result "1-0"]
[WhiteElo "2321"]
[BlackElo "2030"]
[WhiteFideId "1464981"]
[EventDate "2024.07.22"]
[EventType "swiss"]
[EventRounds "9"]
[EventCountry "DEN"]
[SourceTitle "Live v. Obro Skakforening"]

1. d4   d5  2. c4   e6  3. Nc3   c5  4. cxd5   exd5  5. Nf3   Nc6  6. g3   Nf6  7. Bg2   Be7  8. O-O   O-O  9. b3   Ne4  10. Bb2  10... Bf6  11. Na4   b6  12. Rc1   Ba6  13. Re1   Re8  14. dxc5   Bxb2  15. Nxb2   bxc5  16. Na4   c4  17. Nd2   Qa5  18. Bxe4   dxe4  19. Nxc4   Bxc4  20. Rxc4  20... Rad8  21. Qc1   Nd4  22. Rc5   Qb4  23. Qc3   Qa3  24. Rc4   Nb5  25. Qb4   Qxb4  26. Rxb4   a6  27. Nc5   Rd2  28. a4   Nc3  29. Rc4   Na2  30. Nxe4  30... Rb2  31. Nc3   Nxc3  32. Rxc3   g6  33. e3   Rb8  34. Rc6   a5  35. Rc5   R8xb3  36. Rd1   Ra2  37. Rd4   Rb4  38. Rxa5   Rxd4  39. exd4   Rd2  40. Rd5  40... Ra2  41. a5   Kf8  42. Rb5   Ke7  43. Kg2   Ra3  44. Rb7+   Ke6  45. d5+   Kf6  46. Rb5   Ke5  47. f4+   Kd6  48. Rb7   Rxa5  49. Rxf7   Rxd5  50. Rxh7  50... Ke6  51. Kf3   Kf6  52. Kg4   Ra5  53. h4   Rb5  54. h5   gxh5+  55. Rxh5   Rb3  56. Rh6+   Kg7  57. Ra6   Rc3  58. f5   Rc7  59. Kg5   Rb7  60. g4  60... Rc7  61. Rh6   Rc5  62. Rg6+   Kh7  63. Rd6   Rc7  64. Kf6   Kg8  65. g5   Rf7+  66. Ke6   Ra7  67. Rd8+  1-0

[Event "Oebro CXU International 2024"]
[Site "Copenhagen"]
[Date "2024.07.23"]
[Round "3.10"]
[White "Aczel, Gergely"]
[Black "Kush, Bhagat"]
[Result "1-0"]
[WhiteElo "2498"]
[BlackElo "2188"]
[WhiteFideId "727709"]
[BlackFideId "46672940"]
[EventDate "2024.07.22"]
[EventType "swiss"]
[EventRounds "9"]
[EventCountry "DEN"]
[SourceTitle "Live v. Obro Skakforening"]

1. c4   Nf6  2. d4   g6  3. g3   Bg7  4. Bg2   O-O  5. Nf3   d6  6. Nc3   Nc6  7. O-O   Bg4  8. d5   Na5  9. b3   c5  10. Bg5  10... a6  11. h3   Bf5  12. Qe1   Ne4  13. Nxe4   Bxe4  14. Rc1   b5  15. Bd2   b4  16. h4   Nb7  17. Bh3   Bxf3  18. exf3   a5  19. Bg5   Re8  20. Qe4  20... a4  21. Rce1   axb3  22. axb3   Ra3  23. h5   Qc7  24. Kg2   Nd8  25. hxg6   hxg6  26. Rh1   e5  27. dxe6   Nxe6  28. Qh4   Kf8  29. Bf6   g5  30. Bxg5  30... Nxg5  31. Rxe8+   Kxe8  32. Qxg5   Kf8  33. Qe3   Ra1  34. Rxa1   Bxa1  35. Bf5   Qe7  36. Be4   Qf6  37. Bd5   Bd4  38. Qe4   Qg6  39. Qxg6   fxg6  40. f4  40... Kg7  41. g4   g5  42. fxg5   Be5  43. Be4   Bf4  44. Kf3   Bd2  45. Kg3   Be1  46. g6   Kf6  47. g5+   Kg7  48. Kf3   Kf8  49. Ke3  1-0

[Event "Oebro CXU International 2024"]
[Site "Copenhagen"]
[Date "2024.07.23"]
[Round "3.11"]
[White "Egresi, Mate"]
[Black "Meskenas, Paulius"]
[Result "1-0"]
[WhiteElo "2377"]
[BlackElo "2168"]
[WhiteFideId "738506"]
[BlackFideId "12809969"]
[EventDate "2024.07.22"]
[EventType "swiss"]
[EventRounds "9"]
[EventCountry "DEN"]
[SourceTitle "Live v. Obro Skakforening"]

1. e4   e5  2. Nf3   Nc6  3. Bb5   a6  4. Ba4   Nf6  5. d3   d6  6. c3   b5  7. Bc2   Bb7  8. O-O   Ne7  9. Re1   Ng6  10. a4  10... Qd7  11. Nbd2   Be7  12. Nf1   O-O  13. Ng3   c5  14. d4   c4  15. d5   Bd8  16. h3   Qc7  17. Be3   Nd7  18. Qd2   Nc5  19. axb5   axb5  20. Rxa8  20... Bxa8  21. Nf5   Bb7  22. h4   Ne7  23. Nxg7   Kxg7  24. Bh6+   Kg8  25. Bxf8   Kxf8  26. Qh6+   Ke8  27. Qxh7   Ng6  28. Qg8+   Nf8  29. Ng5   f6  30. Bd1  30... fxg5  31. Bh5+   Kd7  32. Bg4+   Ke8  33. Bh5+   Kd7  34. Qxf8   Kc8  35. Bg4+   Kb8  36. hxg5   Qe7  37. Qxe7   Bxe7  38. g6   Bf8  39. Re3   Nd3  40. Rh3  40... Ka7  41. Rh8  1-0

[Event "Oebro CXU International 2024"]
[Site "Copenhagen"]
[Date "2024.07.23"]
[Round "3.12"]
[White "Nord, Alexander"]
[Black "Kistrup, Nicolai"]
[Result "0-1"]
[WhiteElo "2212"]
[BlackElo "2367"]
[WhiteFideId "1738135"]
[BlackFideId "1444816"]
[EventDate "2024.07.22"]
[EventType "swiss"]
[EventRounds "9"]
[EventCountry "DEN"]
[SourceTitle "Live v. Obro Skakforening"]

1. d4   Nf6  2. c4   e6  3. Nc3   Bb4  4. e3   O-O  5. Bd2   b6  6. Bd3   d5  7. cxd5   exd5  8. Nf3   Bd6  9. O-O   Re8  10. Nb5  10... Bf8  11. Ne5   c5  12. f3   Bb7  13. Nc3   Nc6  14. Nxc6   Bxc6  15. Ne2   Bd6  16. Qe1   Nd7  17. Qf2   Qf6  18. g3   Re7  19. Rae1   Rae8  20. Kg2  20... g6  21. h4   h5  22. Ng1   Qg7  23. Bc3   c4  24. Bb1   f5  25. f4   Nf6  26. Qd2   Ng4  27. Nf3 Nxe3+  28. Rxe3   Rxe3  29. Ne5   R3xe5  30. fxe5  30... Bxe5  31. dxe5   d4+  32. Kg1   dxc3  33. Qd6   Bb7  34. Re1   cxb2  35. a4   c3  36. Kh2   Be4  37. Bxe4   fxe4  38. Qd5+   Qf7  39. Qxe4   Qf2+  40. Kh1  40... Qxe1+  0-1

[Event "Oebro CXU International 2024"]
[Site "Copenhagen"]
[Date "2024.07.23"]
[Round "3.13"]
[White "Nielsen, Viktor Haarmark"]
[Black "Thuesen, Mogens Henrik"]
[Result "1-0"]
[WhiteElo "2364"]
[BlackElo "2095"]
[WhiteFideId "1444492"]
[EventDate "2024.07.22"]
[EventType "swiss"]
[EventRounds "9"]
[EventCountry "DEN"]
[SourceTitle "Live v. Obro Skakforening"]

1. d4   d5  2. c4   e6  3. Nf3   c6  4. g3   f5  5. Bg2   Nf6  6. O-O   Bd6  7. b3   Qe7  8. Bb2   O-O  9. Qc1   b5  10. Ne5  10... Bb7  11. Nd2   Nbd7  12. Ndf3   bxc4  13. bxc4   c5  14. Nxd7   Nxd7  15. dxc5   Bxc5  16. Ne5   Rac8  17. Qb1   f4  18. Nxd7   Qxd7  19. cxd5   Bxd5  20. Qd3  20... Qb7  21. Bxd5   exd5  22. Rab1   fxg3  23. hxg3   Qf7  24. Bd4   Bxd4  25. Qxd4   Rc4  26. Qd3   Ra4  27. a3   Qf5  28. Rb3   h5  29. Qb5   Rg4  30. Rf3  30... Qe5  31. Rxf8+   Kxf8  32. Qc5+   Kg8  33. Rd1   Rg5  34. Rd4   Qxe2  35. Rf4   Qe8  36. Qxa7   Re5  37. Qd4   g5  38. Rf6   Qe7  39. Ra6   Re1+  40. Kh2  40... Qf7  41. Ra8+   Kh7  42. Qh8+  1-0

[Event "Oebro CXU International 2024"]
[Site "Copenhagen"]
[Date "2024.07.23"]
[Round "3.14"]
[White "Thogersen, Rasmus"]
[Black "Veiergang, Oscar Jacob"]
[Result "1/2-1/2"]
[WhiteElo "2309"]
[BlackElo "2070"]
[WhiteFideId "1431412"]
[EventDate "2024.07.22"]
[EventType "swiss"]
[EventRounds "9"]
[EventCountry "DEN"]
[SourceTitle "Live v. Obro Skakforening"]

1. e4   e5  2. Nf3   Nc6  3. Bb5   a6  4. Ba4   Nf6  5. O-O   Be7  6. d3   b5  7. Bb3   O-O  8. a4   Bb7  9. Nc3   b4  10. Nd5  10... Na5  11. c4   bxc3  12. Ba2   cxb2  13. Bxb2   Nc6  14. Nxe5   Nxe5  15. Bxe5   Nxd5  16. exd5   Bf6  17. Re1   a5  18. Qc2   Bxe5  19. Rxe5   d6  20. Re3  20... Rc8  21. Qb2   Rb8  22. Qc3   Qd7  23. Bc4   c6  24. Qxa5   cxd5  25. Bb5   Bc6  26. Rb1   d4  27. Ree1   Qf5  28. Qa6   Bxb5  29. axb5   Qxd3  30. Qc6  30... Qc3  31. Rec1   Qa5  32. b6   d3  33. b7   d2  34. Rd1   g6  35. g3   Rfd8  36. Rb5   Qa2  37. Rd5   Qb3  38. R1xd2   Qxb7  1/2-1/2

[Event "Oebro CXU International 2024"]
[Site "Copenhagen"]
[Date "2024.07.23"]
[Round "3.15"]
[White "Sriram, Jha"]
[Black "Schmidt, Kristen"]
[Result "1-0"]
[WhiteElo "2304"]
[BlackElo "2216"]
[WhiteFideId "5001668"]
[BlackFideId "1400436"]
[EventDate "2024.07.22"]
[EventType "swiss"]
[EventRounds "9"]
[EventCountry "DEN"]
[SourceTitle "Live v. Obro Skakforening"]

1. d4   Nf6  2. Nf3   g6  3. c4   Bg7  4. Nc3   O-O  5. g3   d6  6. Bg2   Nc6  7. O-O   a6  8. Bf4   Rb8  9. Rc1   Bg4  10. d5  10... e5  11. dxe6   fxe6  12. Qd2   Qd7  13. Bh6   Bxh6  14. Qxh6   Bxf3  15. exf3   Nd4  16. Qe3   c5  17. f4   Rbe8  18. Ne2   e5  19. Nxd4   exd4  20. Qf3  20... Re7  21. Qa3   Qc8  22. b4   Rff7  23. Rb1   Kg7  24. b5   axb5  25. Rxb5   Ne4  26. Bxe4   Rxe4  27. Qb3   Ree7  28. Rb6   Qe6  29. a4   h5  30. h4  30... Qg4  31. Rxd6   Rxf4  32. Qd3   Ref7  33. Kg2   Rf3  34. Qb1   Rc3  35. Qe1   Rxc4  36. Qe5+  1-0

[Event "Oebro CXU International 2024"]
[Site "Copenhagen"]
[Date "2024.07.23"]
[Round "3.16"]
[White "Steffens, Olaf"]
[Black "Rakhmangulova, Anastasiya"]
[Result "1/2-1/2"]
[WhiteElo "2192"]
[BlackElo "2295"]
[WhiteFideId "4630564"]
[BlackFideId "14117479"]
[EventDate "2024.07.22"]
[EventType "swiss"]
[EventRounds "9"]
[EventCountry "DEN"]
[SourceTitle "Live v. Obro Skakforening"]

1. a3   g6  2. g4   d5  3. h3   Bg7  4. Bg2   e5  5. d3   Ne7  6. Nc3   c6  7. e4   dxe4  8. Nxe4   O-O  9. g5   Nd7  10. h4  10... Nf5  11. h5   Qe7  12. Nf3   Nd6  13. Nfd2   Nxe4  14. Nxe4   Nc5  15. Be3   Nxe4  16. Bxe4   Be6  17. Qf3   Rfd8  18. c4   Qd7  19. hxg6   hxg6  20. Qg3  20... Bf5  21. Qh4   b6  22. Ke2   Bxe4  23. Qxe4   Qe6  24. Rh4   Rd7  25. Rah1   Rad8  26. Rh7   f5  27. gxf6   Qxf6  28. Bh6   Rf8  29. Bxg7   Rxg7  30. Rh8+  30... Kf7  31. Rxf8+   Kxf8  32. Rh8+   Rg8  33. Rh3   Kg7  34. Rf3   Qe6  35. Re3   Re8  36. Kd2   Qf5  37. Qxc6   Qxf2+  38. Re2   Qf4+  39. Kc2   Re7  40. Qd6  40... Qf6  41. Qd5   Qf5  42. b4  1/2-1/2